000 00754nam a2200229Ia 4500
003 GCL
008 140319s9999 xx 000 0 ara d
040 _aGCL /
_cGCL
082 0 4 _a720.92
_bب ا
100 1 _aبراجيرى ، جيانى
245 1 0 _aالدو روسى /
_cبراجيرى ، جيانى
700 1 _aمحمد شهاب
700 1 _aمصطفى قبيسى
250 _aالاولى
260 _aبيروت :
_bدار قابس للطباعة والنشر والتوزيع ،
_c2001
300 _a213 ص ؛
_c18 سم
490 _aسلسلة مشاهير الفكر الهندسى المعمارى
_v0
650 0 4 _aالمعماريون
650 0 4 _aالعمارة (مهنة)
650 0 4 _aألدو روسى
942 _2ddc
_cBK
999 _c2373
_d2373